An evaluation of the KIPPRA : (Record no. 9101)

MARC details
000 -LEADER
fixed length control field 00634nam a22002052 4500
001 - CONTROL NUMBER
control field 0000019853
005 - DATE AND TIME OF LATEST TRANSACTION
control field 20151217152203.0
008 - FIXED-LENGTH DATA ELEMENTS--GENERAL INFORMATION
fixed length control field 110222s xx 000 0 eng d
020 ## - INTERNATIONAL STANDARD BOOK NUMBER
International Standard Book Number 9966777016 :
040 ## - CATALOGING SOURCE
Original cataloging agency KABU
Transcribing agency KABU
100 1# - MAIN ENTRY--PERSONAL NAME
Personal name Were, Maureen.
-- 0000155894
245 13 - TITLE STATEMENT
Title An evaluation of the KIPPRA :
Remainder of title Treasury macro model and Kenya's economy using historical simulations /
Statement of responsibility, etc. Maureen Were.
250 ## - EDITION STATEMENT
Edition statement 1st ed.
260 ## - PUBLICATION, DISTRIBUTION, ETC. (IMPRINT)
Place of publication, distribution, etc. KIPPRA :
Name of publisher, distributor, etc. Nairobi, Kenya,
Date of publication, distribution, etc. 2006.
300 ## - PHYSICAL DESCRIPTION
Extent v, 37 p.
700 1# - ADDED ENTRY--PERSONAL NAME
Personal name Were, Maureen.
-- 0000155894
852 1# - LOCATION
-- p
908 ## - PUT COMMAND PARAMETER (RLIN)
Put command parameter 110222
950 ## - LOCAL HOLDINGS (RLIN)
-- 1
Holdings
Withdrawn status Lost status Source of classification or shelving scheme Not for loan Home library Current library Date acquired Total Checkouts Full call number Barcode Date last seen Price effective from Koha item type
    Library of Congress Classification   Kabarak, Main Campus Kabarak, Main Campus 17/12/2015   HC865 .W47 2006 c.1 22300 02/08/2024 17/12/2015 General Collection
Designed with assistance from East African Informatics Ltd